World's top 50 universities 2014 (QS rankings) - HARD! Quiz Stats

 Plays Quiz not verified by Sporcle

Score 0/50 Timer 20:00
0 Plays Today
Hint Answer % Correct
4Harvard University
98.4%
10Yale University
94.2%
5=University of Oxford
93%
2=University of Cambridge
92.6%
1Massachusetts Institute of Technology
82.5%
7Stanford University
78.2%
9Princeton University
75.9%
14=Columbia University
71.6%
5=University College London
68.5%
31University of Tokyo
68.1%
19Cornell University
64.2%
37=University of California, Los Angeles
63.8%
11University of Chicago
62.6%
27University of California, Berkeley
61.1%
13University of Pennsylvania
60.7%
41=New York University
59.1%
8California Insitute of Technology
56.4%
25=Australian National University
52.5%
37=University of Sydney
52.5%
23University of Michigan
51%
33University of Melbourne
50.6%
20University of Toronto
49.4%
2=Imperial College London
48.2%
25=Duke University
48.2%
17=University of Edinburgh
47.9%
Hint Answer % Correct
28University of Hong Kong
46.7%
46Chinese University of Hong Kong
46.3%
40Hong Kong University of Science and Technology
46.3%
12ETH Zurich
45.5%
32Seoul National University
44.7%
34Northwestern University
43.6%
30University of Manchester
40.5%
21McGill University
38.5%
14=Johns Hopkins University
37.7%
22National University of Singapore
35.8%
36Kyoto University
31.5%
50University of Amsterdam
30.7%
24Ecole normale supérieure Paris
29.2%
29University of Bristol
28.8%
43University of British Columbia
27.6%
16King's College London
26.5%
45University of Copenhagen
24.9%
41=University of Wisconsin-Madison
24.1%
49Ruprecht-Karls-Universität Heidelberg
19.8%
43=University of Queensland
19.5%
47Tsinghua University
19.1%
35Ecole polytechnique
15.2%
48University of New South Wales
14.8%
17=Ecole Polytechnique Fédérale de Lausanne
12.5%
39Nanyang Technological University
9.3%

You're not logged in!

Compare scores with friends on all Sporcle quizzes.
Join for Free
OR
Log In

You Might Also Like...

Show Comments

Extras

Top Quizzes Today


Score Distribution

Your Account Isn't Verified!

In order to create a playlist on Sporcle, you need to verify the email address you used during registration. Go to your Sporcle Settings to finish the process.

Report this User

Report this user for behavior that violates our Community Guidelines.

Details: